000 00394nam a2200121Ia 4500
008 160712s9999 xx 000 0 und d
100 _aDizon, Gino.
245 _cGino Dizon
_aThe Descending
260 _c2014
_bLikhaan: The Journal of Contemporary Philippine Literature
300 _avol. 8
650 _xSHORT STORY
856 _uhttp://journals.upd.edu.ph/index.php/lik/issue/view/538/showToc
999 _c297225
_d297225